00491nam a2200205Ia 4500008004100000020001800041050001400059100002200073245003500095245002500130260001500155260001600170260000900186300001600195300002600211300001000237300002300247440000700270500000800277170918s9999 xx 000 0 und d a9780545331326 bS857 2011 aStilton, Geronimo aRun for the hills, Geronimo! / cby Geronimo Stilton. aNew York : bScholastic, c2011 a108 pages : bcolor illustrations ; c19cm. eGeronimo Stilton ; a47 a610